| 000 | 00405nam a22001337a 4500 | ||
|---|---|---|---|
| 005 | 20141009093428.0 | ||
| 008 | 141002b xxu||||| |||| 00| 0 eng d | ||
| 050 |
_aHF 5686 _b.P957 2013 |
||
| 245 | _aPrinciples and practice of management / | ||
| 260 |
_b3G Elearning FZ LIC, _cc2013. _aUAE : |
||
| 300 |
_a208 pages : _billustrations ; _c27 cm. |
||
| 521 | _aBusiness Administration | ||
| 942 |
_2lcc _cBK _kFOR |
||
| 999 |
_c276003 _d276003 |
||